Greek soccer players scoring during the World Cup - Statistics

General Stats
  • This quiz has been taken 283 times
    201 since last reset
  • The average score is 3 of 5
Answer Stats
Goals Year(s) Player % Correct
1 2014 Georgios Samaras
84%
1 2014 Sokrátis
69%
1 2014 Andreas Samaris
68%
1 2010 Dimítris Salpingídis
53%
1 2010 Vasílis Torosídis
50%
No matching quizzes found
Score Distribution
Percent of People with Each Score
Percentile by Number Answered
Your Score History
You have not taken this quiz since the last reset